• 首页
  • 本馆介绍
  • 公告通知
  • 最新文献
  • 馆藏检索
  • 电子资源
  • 读者导购
  • 参考咨询
  • 我的图书馆
  • 登录
  • 详细信息显示
  • 放入我的书架
  • 预约/预借图书
  • 作者相关作品
  • 分类相关作品
  • 丛书相关作品
  • 出版社相关作品

书目信息

  • 表格格式
  • 工作单格式
  • 卡片格式
题名:
英文书写示范
    
 
作者: 金绳曾 , 陆肇基 编著
分册:  
出版信息: 上海   上海外语教育出版社  1980
页数: 88页
开本: 16cm
丛书名:
单 册:
中图分类: J293.11
科图分类:
主题词: 英文-书法 , 书法-英文
电子资源:
ISBN:
000 00707nam0 2200265 45
001 0180007241
005 20040519173931.1
010    @dCNY0.38
091    @a7218.010
100    @a19950608d1980 em y0chiy0121 ea
101 0  @achi
102    @aCN@b310000
105    @ay z 000yy
106    @ar
200 10 @a英文书写示范@Aying wen shu xie shi fan@f金绳曾,陆肇基编著
210    @a上海@c上海外语教育出版社@d1980
215    @a88页@d16cm
606    @a英文-书法
606    @a书法-英文
690    @aJ293.11@v3
701  0 @a金绳曾@Ajin sheng zeng@4编著
701  0 @a陆肇基@Aliu zhao ji@4编著
801  0 @aCN@b上海图书馆@c20040519
801  2 @aCN@bNLC@c20040519
905    @f8@b47179-186@dJ293.11@e47
    
    英文书写示范/金绳曾,陆肇基编著.-上海:上海外语教育出版社,1980
    88页;16cm
    
    
    ISBN :CNY0.38
    
●
相关链接 在E读中查询图书 在五车中查询图书 在当当中查询图书 在豆瓣中查询图书


正题名:英文书写示范     索取号:J293.11/47         预约/预借

序号 登录号 条形码 馆藏地/架位号 状态 备注
1 0047179   001213298   密集书库/ [索取号:J293.11/47] 在馆    
2 0047180   001213314   密集书库/ [索取号:J293.11/47] 在馆    
3 0047181   001213270   第一借阅区/ [索取号:J293.11/47] 在馆    
4 0047182   001213216   密集书库/ [索取号:J293.11/47] 在馆    
5 0047183   001213252   密集书库/ [索取号:J293.11/47] 在馆    
6 0047184   001213289   密集书库/ [索取号:J293.11/47] 在馆    
7 0047185   001213305   密集书库/ [索取号:J293.11/47] 在馆    
8 0047186   001213323   第一样本阅览室/ [索取号:J293.11/47] 在馆    
唐山师范学院图书馆 欢迎您!
大连网信软件有限公司© 版权所有